| 000 | 01010cam a2200301 i 4500 | ||
|---|---|---|---|
| 005 | 20230901145149.0 | ||
| 008 | 141210s2015 nyua 001 0 eng | ||
| 010 | _a 2014046482 | ||
| 020 | _a9780071849968 (paperback) | ||
| 040 |
_aDLC _beng _cDLC _erda _dDLC |
||
| 042 | _apcc | ||
| 082 | 0 | 0 |
_a006.7 _223 |
| 100 | 1 |
_aNixon, Robin, _d1961- |
|
| 245 | 1 | 0 |
_aCSS & CSS3 : _b20 lessons to successful web development / _cRobin Nixon. |
| 260 |
_aNew York, _bMcGraw Hill: _c2015. |
||
| 264 | 1 |
_aNew York : _bMcGraw-Hill Education, _c[2015] |
|
| 300 |
_axxi, 281 pages : _bill ; _c24 cm |
||
| 336 |
_atext _btxt _2rdacontent |
||
| 337 |
_aunmediated _bn _2rdamedia |
||
| 338 |
_avolume _bnc _2rdacarrier |
||
| 500 | _aIncludes index. | ||
| 650 | 0 | _aWeb site development. | |
| 650 | 0 | _aCascading style sheets. | |
| 650 | 0 |
_aWeb sites _xStandards. |
|
| 906 |
_a7 _bcbc _corignew _d1 _eecip _f20 _gy-gencatlg |
||
| 999 |
_c33373 _d33373 |
||